AN ANALYSIS OF GROUP PROCUREMENT IN PAKISTAN'S RETAILING MARKET / (Record no. 527150)
[ view plain ]
| 000 -LEADER | |
|---|---|
| fixed length control field | 00418nam a22001337a 4500 |
| 082 ## - DEWEY DECIMAL CLASSIFICATION NUMBER | |
| Classification number | 658 |
| 100 ## - MAIN ENTRY--PERSONAL NAME | |
| Personal name | Ghafoor, Myra |
| 245 ## - TITLE STATEMENT | |
| Title | AN ANALYSIS OF GROUP PROCUREMENT IN PAKISTAN'S RETAILING MARKET / |
| Statement of responsibility, etc. | Myra Ghafoor |
| 300 ## - PHYSICAL DESCRIPTION | |
| Extent | 51 p. : ill. ; |
| Dimensions | 30cm. |
| 942 ## - ADDED ENTRY ELEMENTS (KOHA) | |
| Source of classification or shelving scheme | |
| Koha item type | Thesis |
| 700 ## - ADDED ENTRY--PERSONAL NAME | |
| Personal name | Mr. Kamran Khalid |
| 690 ## - LOCAL SUBJECT ADDED ENTRY--TOPICAL TERM (OCLC, RLIN) | |
| -- | 18264 |
| 700 ## - ADDED ENTRY--PERSONAL NAME | |
| -- | 17555 |
| Withdrawn status | Lost status | Source of classification or shelving scheme | Damaged status | Not for loan | Permanent Location | Current Location | Shelving location | Date acquired | Full call number | Barcode | Date last seen | Price effective from | Non-public note | Koha item type |
|---|---|---|---|---|---|---|---|---|---|---|---|---|---|---|
| Central Library (CL) | Central Library (CL) | Thesis | 07/22/2019 | 658 | CL-T-2744 | 07/26/2019 | 07/22/2019 | Minute Sheet No. 0929/02/CL/Survey/5 dated 23rd April 2024 E-MIN ID 114741 | Thesis |
